书目信息 |
| 题名: |
投入产出表和分析
|
|
| 作者: | ;周逸江 , 萧嘉魁 译 ;联合国统计局 编 | |
| 分册: | ||
| 出版信息: | 北京 中国社会科学出版社 1981 |
|
| 页数: | 210页 | |
| 开本: | 19cm | |
| 丛书名: | ||
| 单 册: | ||
| 中图分类: | F223 | |
| 科图分类: | ||
| 主题词: | 投入产出分析--方法 | |
| 电子资源: | ||
| ISBN: | ||
| 000 | 00775nam0 2200253 45 | |
| 001 | 0181002714 | |
| 005 | 20051129142828.34 | |
| 010 | @dCNY0.66 | |
| 091 | @a4190.051 | |
| 100 | @a19950621d1981 em y0chiy0121 ea | |
| 101 | 1 | @achi@ceng |
| 102 | @aCN@b110000 | |
| 105 | @ay z 000yy | |
| 200 | 10 | @a投入产出表和分析@Atou ru chan chu biao he fen xi@f联合国统计局编@Flian he guo tong ji ju bian@g萧嘉魁,周逸江译 |
| 210 | @a北京@c中国社会科学出版社@d1981 | |
| 215 | @a210页@d19cm | |
| 606 | @a投入产出分析@x方法 | |
| 690 | @aF223@v3 | |
| 702 | 0 | @a周逸江@Azhou yi jiang@4译 |
| 702 | 0 | @a萧嘉魁@Axiao jia kui@4译 |
| 711 | 02 | @a联合国统计局@Alian he guo tong ji ju@4编 |
| 801 | 2 | @aCN@bNLC@c20051129 |
| 801 | 0 | @aCN@b上海图书馆@c20040425 |
| 905 | @f1@b59655@dF223@e19 | |
| 投入产出表和分析/联合国统计局编/萧嘉魁,周逸江译.-北京:中国社会科学出版社,1981 |
| 210页;19cm |
| ISBN :CNY0.66 |
| ● |
| 相关链接 |
|
|
|
|
正题名:投入产出表和分析
索取号:F223/19
 
预约/预借
| 序号 | 登录号 | 条形码 | 馆藏地/架位号 | 状态 | 备注 |
| 1 | 0059654 | 202157824 | 密集书库/ [索取号:F223/19] | 在馆 | |
| 2 | 0059655 | 000205030 | 第一样本阅览室/ [索取号:F223/19] | 在馆 |